| 000 | 01245nam a2200229Ia 4500 | ||
|---|---|---|---|
| 001 | L200-52969 | ||
| 003 | IT-CnALBA | ||
| 008 | 170116s9999||||xx |||||||||||||| ||und|| | ||
| 040 |
_aIT-CnALBA _cIT-CnALBA |
||
| 041 | _aITALIANO | ||
| 100 | _aCASPANI PIERPAOLO | ||
| 245 | 0 | _aLA PERTINENZA TEOLOGICA DELLA NOZIONE DI INIZIAZIONE CRISTIANA. | |
| 250 | _a1a ed. | ||
| 260 |
_aMILANO _bGLOSSA EDIZIONI _c1999 [1° Ed.:1999 - Ed.Ling.Originale: 1999] |
||
| 300 | _a944 p. (prefazione: 25) | ||
| 500 | _aDISSERTAZIONE. PRESENTAZIONE COLOMBO G. INDICE AUTORI E PERSONAGGI NOTEVOLI. PREFAZIONE. MOMENTO SINTOMATICO. AREA ITALIANA, AMBITO LITURGICO. SISTEMATICO, CATECHISTICO PASTORALE. CHIAREZZA TERMINOLOGICA E CONCETTUALE. L'AREA FRANCOFONA. PREMESSA TERMINOL | ||
| 501 | _aSocietà San Paolo EM - Piazza San Paolo, 14 - 12051 ALBA (CN) (non commercial uses only) ® Copyright 2017 | ||
| 520 | _aDISSERTAZIONE. PRESENTAZIONE COLOMBO G. INDICE AUTORI E PERSONAGGI NOTEVOLI. PREFAZIONE. MOMENTO SINTOMATICO. AREA ITALIANA, AMBITO LITURGICO. SISTEMATICO, CATECHISTICO PASTORALE. CHIAREZZA TERMINOLOGICA E CONCETTUALE. L'AREA FRANCOFONA. PREMESSA TERMINOL | ||
| 650 | _aRELIGIONE - RELIGIONE CRISTIANA | ||
| 942 | _cBK | ||
| 957 | _71 | ||
| 999 |
_a69573 _bNO _g Copie: 1 _c311846 _d311846 |
||